Statistics for what is goat in football

Click here to take the quiz!

General Stats

  • This quiz has been taken 18 times
  • The average score is 4 of 15

Answer Stats

HintAnswer% Correct
1cristiano ronaldo
100%
2lionel messi
100%
4maradona
69%
3pele
69%
5ronaldinho
38%
6neymar
25%
14benzema
19%
15kante
6%
10Franz Beckenbauer
0%
13Jean-Pierre Papin
0%
7johan cruijff
0%
9lev yashin
0%
12lewnadowski
0%
11Lothar Matthaus
0%
8ruud gullit
0%

Score Distribution

Percentile by Number Answered

Percent of People with Each Score

Your Score History

You have not taken this quiz